| 000 | 00393nam a2200181Ia 4500 | ||
|---|---|---|---|
| 005 | 20250603145627.0 | ||
| 008 | 250603s9999 xx 000 0 und d | ||
| 020 | _a9789785270525 | ||
| 050 | _aQA 76.73 .P98 A696/ | ||
| 100 | _aAri, Niyazi | ||
| 245 | 0 | _aPython | |
| 260 | _aAbuja | ||
| 260 | _bNTNU Publication | ||
| 260 | _c2014 | ||
| 300 | _a165 p | ||
| 650 | _aAbuja | ||
| 942 | _cBK | ||
| 999 |
_c42388 _d42388 |
||